| 000 | 01059nam a2200241 a 4500 | ||
|---|---|---|---|
| 001 | 65192 | ||
| 003 | BD-RjUL | ||
| 005 | 20211209081409.0 | ||
| 008 | 170301s1985 bg a|||| |||| 001 0 ben d | ||
| 020 | _c: Tk. 75.00 | ||
| 035 | _a(BD-RjUL)65322 | ||
| 040 |
_aBD-RjUL _bben _cBD-RjUL _dBD-RjUL |
||
| 041 | _aben | ||
| 082 |
_223 _a491.445 _bMOB 1985 |
||
| 100 | 1 |
_aমোরশেদ, আবুল কালাম মনজুর _9193048 |
|
| 245 | 1 | 0 |
_aবাংলা সম্বন্ধবাচক সর্বনাম : _bগঠন ও প্রকৃতি / _cআবুল কালাম মনজুর মোরশেদ |
| 260 |
_aঢাকা : _bবাংল একাডেমী, _c১৯৮৫ [১৩৯২] |
||
| 300 |
_a[১৫], ২৫৪ পৃ. : _bচিত্র. ; _c১৯ সেমি. |
||
| 504 | _aগ্রন্থপঞ্জি ও নির্ঘন্ট সংযুক্ত | ||
| 650 |
_aবাংলা ভাষা _xব্যাকরণ _9184269 |
||
| 650 |
_aBengali Language _xGrammar _9182788 |
||
| 942 |
_2ddc _cBK |
||
| 999 |
_c65192 _d65192 |
||